000
00319nam a22001337a 4500
008
150526b xxu||||| |||| 00| 0 eng d
020
_a
9780071498494
020
_a
0071498494
041
0
_a
eng
080
_a
004
245
1
0
_a
How to do everything.
_c
David N. Plotkin.
246
3
0
_a
NetObjects Fusion 11
942
_2
udc
_c
BK
999
_c
902
_d
902